[Event "Intel Pentium4"]
[Site "Milan ITA"]
[Date "2003.07.16"]
[Round "3"]
[White "Bellia,F"]
[Black "Drazic,S"]
[Result "1-0"]
[WhiteElo "2397"]
[BlackElo "2463"]

1.e4 d5 2.exd5 Qxd5 3.Nc3 Qd6 4.d4 Nf6 5.Nf3 a6 6.Ne5 Nc6 7.Nxc6 Qxc6 8.d5 Qd6
9.Be2 e5 10.dxe6 Bxe6 11.O-O O-O-O 12.Be3 Qe5 13.Qc1 Bd6 14.f4 Qa5 15.a3 Rhe8
16.b4 Qf5 17.Kh1 Bd5 18.Bd3 Qh5 19.Nxd5 Nxd5 20.Bg1 Qh6 21.g3 Be7 22.Qd2 Qc6
23.Qg2 Bf6 24.Rae1 Rxe1 25.Rxe1 Qc3 26.Rd1 Ne7 27.Ba7 Rd7 28.Qh3 g6 29.Qxh7 Qc6+
30.Kg1 Qe6 31.Bf2 Kb8 32.Re1 Qd5 33.Qh3 Bd4 34.Qg2 Bxf2+ 35.Qxf2 Nc8 36.f5 g5
37.Re8 Re7 38.Rxe7 Nxe7 39.Qe3 Nc6 40.Qxg5 Ne5 41.Qe3 Nf3+ 42.Kf2 Ne5 43.Qe4 Qd6
44.h4 Qf6 45.Kg2 c6 46.g4 Qg7 47.g5 f6 48.Qf4 Kc8 49.g6 Qg8 50.h5 Nxd3 51.cxd3 Qa2+
52.Qf2 Qd5+ 53.Qf3 Qa2+ 54.Kh3 Qd2 55.g7 Qg5 56.Qg4 Qe3+ 57.Qg3  1-0

[Event "24th Open"]
[Site "Bled SLO"]
[Date "2003.07.19"]
[Round "7"]
[White "Mazi,L"]
[Black "Vukovic,Zd"]
[Result "1/2-1/2"]
[WhiteElo "2402"]
[BlackElo "2439"]

1.e4 d5 2.exd5 Qxd5 3.Nc3 Qd8 4.d4 Nf6 5.Bc4 a6 6.Nf3 b5 7.Bb3 c5 8.dxc5 Qxd1+
9.Nxd1 e6 10.Be3 Nfd7 11.a4 b4 12.O-O Bb7 13.Nd2 Nxc5 14.Nc4 Nc6 15.Re1 Rd8
16.Rc1 Be7 17.Bf4 O-O 18.Bc7 Rd7 19.Bb6 Rc8 20.Nde3 Nxb3 21.cxb3 f6 22.Rcd1 Nb8
23.Ba7 Rdd8 24.Nb6 Rxd1 25.Rxd1 Rd8 26.Rxd8+ Bxd8 27.Bxb8 Bxb6 28.Bd6 Bxe3  1/2-1/2

[Event "24th Open"]
[Site "Bled SLO"]
[Date "2003.07.19"]
[Round "7"]
[White "Jeric,S"]
[Black "Nikolov,Sa"]
[Result "0-1"]
[WhiteElo "2316"]
[BlackElo "2399"]

1.e4 d5 2.exd5 Qxd5 3.Nc3 Qd6 4.d4 Nf6 5.Bc4 a6 6.a4 Nc6 7.Nge2 Bf5 8.Bf4 Qd7
9.Qd2 O-O-O 10.O-O-O Nb4 11.Bb3 e6 12.Ng3 Bg6 13.h4 h6 14.h5 Bh7 15.Qe2 Qc6
16.f3 Nfd5 17.Nxd5 Nxd5 18.Bd2 Nb6 19.a5 Nd5 20.Ne4 Nb4 21.Bc3 Qb5 22.Qxb5 axb5
23.Nc5 Nc6 24.a6 bxa6 25.Nxa6 Kb7 26.Nc5+ Kb6 27.Ne4 b4 28.Bd2 Nxd4 29.Be3 c5
30.Bxd4 cxd4 31.c3 Bc5 32.Nxc5 Kxc5 33.Rh4 bxc3 34.bxc3 dxc3 35.Rc4+ Kb5
36.Rxc3 Kb4 37.Kb2 Rxd1 38.Bxd1 Rd8 39.Rb3+ Kc5 40.Kc1 Kd6 41.Kd2 Ke5+ 42.Ke2 Rd7
43.Rc3 Kf6 44.Bc2 Bxc2 45.Rxc2 Kg5 46.g4 f5 47.Rc5 Kf4 48.Rc4+ Kg3 49.Ke3 f4+
50.Ke4 Rd1 51.Rc7 Re1+ 52.Kd4 Kxf3 53.Rxg7 e5+ 54.Kd5 e4 55.g5 hxg5 56.Rxg5 e3
57.Rf5 Ra1 58.h6 e2 59.h7 Rh1  0-1

[Event "26th Asian Juniors"]
[Site "Negombo SRI"]
[Date "2003.07.19"]
[Round "2"]
[White "Rohit,G"]
[Black "Foudzi,J"]
[Result "1-0"]
[WhiteElo "2397"]
[BlackElo "2033"]

1.e4 d5 2.exd5 Qxd5 3.Nc3 Qd6 4.d4 Nf6 5.Nf3 c6 6.Bd3 Bg4 7.Be3 e6 8.h3 Bh5
9.Qe2 Nbd7 10.g4 Bg6 11.Bxg6 hxg6 12.O-O-O O-O-O 13.Ne5 Qc7 14.Nxf7 Bb4 15.Bd2 Rhe8
16.Nxd8 Kxd8 17.Ne4 Bxd2+ 18.Rxd2 Kc8 19.Nc3 Nb6 20.Re1 Qh2 21.Qd3 g5 22.Rde2 Qf4+
23.Qd2 Kd7 24.Qxf4 gxf4 25.g5 Nfd5 26.Ne4 Rg8 27.Nc5+ Kc8 28.Rxe6  1-0

[Event "3rd Savaria Summer Open"]
[Site "Szombathely HUN"]
[Date "2003.07.20"]
[Round "2"]
[White "Berescu,A"]
[Black "Gerencer,J"]
[Result "1-0"]
[WhiteElo "2400"]
[BlackElo "2176"]

1.e4 d5 2.exd5 Qxd5 3.Nc3 Qd6 4.d4 Nf6 5.Nf3 a6 6.g3 e6 7.Bg2 Be7 8.O-O O-O
9.Re1 c5 10.Bf4 Qb6 11.Na4 Qa5 12.Nxc5 Bxc5 13.dxc5 Rd8 14.b4 Rxd1 15.Raxd1 Qb5
16.Rd8+ Ne8 17.Nd4 Qa4 18.Bc6  1-0

[Event "TCh-Europe u18 girls"]
[Site "Balatonlelle HUN"]
[Date "2003.07.21"]
[Round "3"]
[White "Congiu,M"]
[Black "Fey,F"]
[Result "1-0"]
[WhiteElo "1905"]
[BlackElo "2041"]

1.e4 d5 2.exd5 Qxd5 3.Nc3 Qd6 4.Be2 Nf6 5.d4 c6 6.Be3 Bf5 7.h3 Nbd7 8.Nf3 e6
9.Qd2 Qc7 10.O-O Bd6 11.Bd3 Bxd3 12.Qxd3 O-O 13.Ne4 Nxe4 14.Qxe4 Nf6 15.Qd3 Rfd8
16.c3 c5 17.Qc2 c4 18.Rfe1 h6 19.Rad1 Nd5 20.Qe4 b5 21.Bd2 Nf6 22.Qh4 Nd7
23.Qg4 Kh8 24.Qh5 Nf6 25.Qh4 Kg8 26.Bxh6 gxh6 27.Qxf6 Kh7 28.Ne5 Rd7 29.Nxd7 Qxd7
30.Re3 Rg8 31.Rf3 Rg7 32.d5 exd5 33.Qf5+ Qxf5 34.Rxf5  1-0

[Event "Intel Pentium4"]
[Site "Milan ITA"]
[Date "2003.07.21"]
[Round "8"]
[White "Bellia,F"]
[Black "Belotti,B"]
[Result "1/2-1/2"]
[WhiteElo "2397"]
[BlackElo "2435"]

1.e4 d5 2.exd5 Qxd5 3.Nc3 Qd6 4.d4 Nf6 5.Nf3 a6 6.Be3 Nc6 7.Qd2 Bf5 8.Bf4 Qb4
9.O-O-O O-O-O 10.Bxc7 Kxc7 11.Qf4+ e5 12.Qxf5 exd4 13.Ne4 Rd5 14.Qf4+ Bd6
15.Nxd6 Qxd6 16.Qxd6+ Rxd6 17.Bd3 Re8 18.Rhe1 Rde6 19.Rxe6 fxe6 20.Re1 e5
21.Ng5 h6 22.Ne4 Nb4 23.a3 Nxd3+ 24.cxd3 Nxe4 25.Rxe4 g5 26.g3 Rf8 27.Rxe5 Rxf2
28.Re7+ Kc8 29.Re4 Rxh2 30.g4 Kc7 31.Rxd4  1/2-1/2

[Event "TCh-Europe u18 girls"]
[Site "Balatonlelle HUN"]
[Date "2003.07.24"]
[Round "5"]
[White "Choisy,M"]
[Black "Fey,F"]
[Result "1-0"]
[WhiteElo "2024"]
[BlackElo "2041"]

1.e4 d5 2.exd5 Qxd5 3.Nc3 Qd6 4.d4 Nf6 5.Nf3 Bg4 6.Be3 c6 7.Qd2 Bxf3 8.gxf3 Nbd7
9.O-O-O O-O-O 10.Ne4 Qd5 11.c4 Qh5 12.Be2 h6 13.Ng3 Qh3 14.Qa5 g5 15.Qxa7 Bg7
16.d5 cxd5 17.cxd5 Nb8 18.Qc5+  1-0

[Event "3rd Savaria Summer Open"]
[Site "Szombathely HUN"]
[Date "2003.07.24"]
[Round "6"]
[White "Szabo,G ROM"]
[Black "Gerencer,J"]
[Result "1-0"]
[WhiteElo "2395"]
[BlackElo "2176"]

1.e4 d5 2.exd5 Qxd5 3.Nc3 Qd6 4.d4 Nf6 5.Nf3 c6 6.Ne5 g6 7.Bc4 Be6 8.Be2 Bg7
9.Bf4 Qd8 10.O-O O-O 11.Qd2 Nbd7 12.Rad1 Nxe5 13.Bxe5 Qa5 14.a3 Rac8 15.b4 Qd8
16.Na4 Nd7 17.Bxg7 Kxg7 18.c4 b5 19.cxb5 Bb3 20.bxc6 Nb8 21.d5 Bxa4 22.Rc1 Qb6
23.b5 Rfd8 24.Rc4 Bxb5 25.Rb4 Qa5 26.Qb2+ Kg8 27.Rxb5 Qc7 28.Rb7 Qa5 29.c7  1-0

[Event "3rd Savaria Summer Open"]
[Site "Szombathely HUN"]
[Date "2003.07.26"]
[Round "8"]
[White "Borosova,Z"]
[Black "Gerencer,J"]
[Result "1-0"]
[WhiteElo "2056"]
[BlackElo "2176"]

1.e4 d5 2.exd5 Qxd5 3.Nc3 Qd6 4.d4 Nf6 5.Be3 a6 6.Qd2 g6 7.f3 Bg7 8.O-O-O Be6
9.Kb1 Qb4 10.g4 Nbd7 11.g5 Ng8 12.Nd5 Qxd2 13.Nxc7+ Kd8 14.Nxe6+ fxe6 15.Rxd2 Nb6
16.Bf4 h6 17.Nh3 Nd5 18.Bg3 Kd7 19.c4 Ne3 20.Be5 Nxf1 21.Rxf1 hxg5 22.Nxg5 Nf6
23.Re2 Rh4 24.Nxe6 Rg8 25.Bg3 Rh5 26.Rfe1 Ne8 27.Nc5+ Rxc5 28.Rxe7+ Kd8 29.dxc5 Nf6
30.Rxb7 Bf8 31.Bd6 Nd7 32.Ra7  1-0

[Event "IV CMA Futurity"]
[Site "Toronto CAN"]
[Date "2003.07.26"]
[Round "2"]
[White "Peredun,A"]
[Black "Arencibia,W"]
[Result "1-0"]
[WhiteElo "2306"]
[BlackElo "2522"]

1.e4 d5 2.exd5 Qxd5 3.Nc3 Qd6 4.d4 Nf6 5.Bc4 a6 6.Nge2 Qc6 7.Bb3 Qxg2 8.Rg1 Qc6
9.d5 Qd6 10.Bg5 Bf5 11.Qd2 e5 12.Ng3 Bg4 13.Nge4 Nxe4 14.Nxe4 Qd7 15.f4 h6
16.fxe5 hxg5 17.e6 Bxe6 18.O-O-O Bf5 19.Nxg5 Bd6 20.Rde1+ Kd8 21.Rg2 Kc8
22.Nf3 Bg6 23.Rge2 Qd8 24.Nd4 Nd7 25.Ba4 Kb8 26.Qc3 Qg5+ 27.Kb1 Nc5 28.Bc6 bxc6
29.Re8+  1-0

[Event "8th Open"]
[Site "Creon FRA"]
[Date "2003.07.29"]
[Round "3"]
[White "Vajda,S"]
[Black "Lapeyre,P"]
[Result "1/2-1/2"]
[WhiteElo "2403"]
[BlackElo "2083"]

1.e4 d5 2.exd5 Qxd5 3.Nc3 Qd6 4.d4 Nf6 5.Be3 a6 6.Qd2 b5 7.Nf3 Bb7 8.Ne5 Nbd7
9.Bf4 Qb6 10.Nxd7 Nxd7 11.O-O-O Nf6 12.Bd3 O-O-O 13.f3 e6 14.Be4 Nd5 15.Nxd5 Bxd5
16.Kb1 Bd6 17.Bxd5 exd5 18.Rde1 Rhe8 19.h4 h6 20.h5 f6 21.g4 Qc6 22.Bh2 Bxh2
23.Rxh2 Rxe1+ 24.Qxe1 Re8 25.Re2 Kd8 26.Kc1 Rxe2 27.Qxe2 Qe8 28.Qxe8+ Kxe8
29.Kd2 Kf7 30.Ke3 b4 31.a3 bxa3 32.bxa3 Ke7 33.f4 Kf7 34.f5 Ke7 35.Kd3 Kd6
36.c3 c5  1/2-1/2

[Event "ch-NED Open"]
[Site "Dieren NED"]
[Date "2003.07.29"]
[Round "7"]
[White "Pool,W"]
[Black "Bosch van Rosenthal,J"]
[Result "1-0"]
[WhiteElo "2132"]
[BlackElo "2076"]

1.e4 d5 2.exd5 Qxd5 3.Nc3 Qd6 4.Nf3 Nf6 5.d4 Bg4 6.Be2 a6 7.Be3 Nc6 8.O-O Bxf3
9.Bxf3 O-O-O 10.Ne2 e5 11.Bxc6 Qxc6 12.Qd3 Ng4 13.h3 Nxe3 14.fxe3 f6 15.Qf5+ Qd7
16.dxe5 Qxf5 17.Rxf5 Rd5 18.Raf1 Rxe5 19.Rxe5 fxe5 20.Rf7 Bc5 21.Rxg7 Bxe3+
22.Kh2 h5 23.Rf7 Rd8 24.Rf3 Bc5 25.Rc3 Bb6 26.Ng3 h4 27.Nf5 Bf2 28.Rd3 Rh8
29.Rd2 Bb6 30.Ne7+ Kb8 31.Ng6 Rh5 32.Re2 c6 33.Re4 Bf2 34.g4 hxg3+ 35.Kg2 Rh8
36.Nxe5 Rd8 37.Nd3 Rh8 38.Re2 Bb6 39.Kxg3 Bc7+ 40.Kg2 Rg8+ 41.Kf1 Rg3 42.Re8+ Ka7
43.Rh8 Bb6 44.Rh4 Rg1+ 45.Ke2 Rg2+ 46.Kd1 Rg1+ 47.Kd2 Rg2+ 48.Kc3 Be3 49.Rh7 Rg5
50.h4 Rd5 51.b4 a5 52.a3 axb4+ 53.axb4 Ka6 54.h5 b6 55.Kb3 Bd2 56.Rh8 Rd6
57.Ne5 Re6 58.Nc4 Bc1 59.Rd8 Bf4 60.Rg8  1-0

[Event "Ceska Pojistovna Cup"]
[Site "Olomouc CZE"]
[Date "2003.07.30"]
[Round "1"]
[White "Van Dijk,Ti"]
[Black "Hasangatin,R"]
[Result "1/2-1/2"]
[WhiteElo "2224"]
[BlackElo "2515"]

1.e4 d5 2.exd5 Qxd5 3.Nc3 Qd6 4.d4 Nf6 5.Nf3 a6 6.Be3 b5 7.Bd3 Bb7 8.Qe2 g6
9.a4 b4 10.Nb1 Bg7 11.Nbd2 O-O 12.O-O Nc6 13.Rfd1 Na5 14.Nc4 Nxc4 15.Bxc4 Ng4
16.h3 Nxe3 17.fxe3 c5 18.c3 Rac8 19.Rac1 bxc3 20.bxc3 cxd4 21.cxd4 Qa3 22.Ra1 Qc3
23.Rdc1 Qa5 24.Rab1 Rb8 25.Nd2 Qxa4 26.Ra1 Qd7 27.Bxa6 Bxa6 28.Qxa6 e5 29.Nf3 e4
30.Nd2 Bxd4 31.Nxe4 Bxe3+ 32.Kh1 Qb5 33.Rd1 Qxa6 34.Rxa6 Kg7 35.Ra3 Bb6 36.Rf3 Rbd8
37.Rdf1 h6 38.Nf6 Bd4 39.g4 Be5 40.Ne4 Rc8 41.R1f2 Rc4 42.Ng3 Ra4 43.Kg2 Bd6
44.Rd3 Bc5 45.Rc2 Bd4 46.Rcd2 Bf6 47.Rd7 Re8 48.Rc2 Re3 49.Nf1 Rc3 50.Rf2 Rac4
51.Nd2 Rd4 52.Rxd4 Bxd4 53.Re2 Rc2 54.Kf3 Rb2 55.Ne4 Rb3+ 56.Kg2 Be5 57.Ra2 Bf4
58.Ra7 Rb2+ 59.Kf3 Bb8 60.Ra3 Bc7 61.Rc3 Ba5 62.Rc1 Bb6 63.Rc3 Bd4 64.Rd3 Be5
65.Nd2 Ra2 66.Ke4 Bc7 67.Kf3 Ba5 68.Nf1 Be1 69.Ne3 Rh2 70.Kf4 Rxh3 71.Nf5+ gxf5  1/2-1/2

[Event "Ceska Pojistovna Cup"]
[Site "Olomouc CZE"]
[Date "2003.07.30"]
[Round "1"]
[White "Van Dijk,Ti"]
[Black "Hasangatin,R"]
[Result "1/2-1/2"]
[WhiteElo "2224"]
[BlackElo "2515"]

1.e4 d5 2.exd5 Qxd5 3.Nc3 Qd6 4.d4 Nf6 5.Nf3 a6 6.Be3 b5 7.Bd3 Bb7 8.Qe2 g6
9.a4 b4 10.Nb1 Bg7 11.Nbd2 O-O 12.O-O Nc6 13.Rfd1 Na5 14.Nc4 Nxc4 15.Bxc4 Ng4
16.h3 Nxe3 17.fxe3 c5 18.c3 Rac8 19.Rac1 bxc3 20.bxc3 cxd4 21.cxd4 Qa3 22.Ra1 Qc3
23.Rdc1 Qa5 24.Rab1 Rb8 25.Nd2 Qxa4 26.Ra1 Qd7 27.Bxa6 Bxa6 28.Qxa6 e5 29.Nf3 e4
30.Nd2 Bxd4 31.Nxe4 Bxe3+ 32.Kh1 Qb5 33.Rd1 Qxa6 34.Rxa6 Kg7 35.Ra3 Bb6 36.Rf3 Rbd8
37.Rd6  1/2-1/2

[Event "ch-SLO"]
[Site "Bled SLO"]
[Date "2003.08.05"]
[Round "4"]
[White "Mikac,M"]
[Black "Drobne,M"]
[Result "1/2-1/2"]
[WhiteElo "2387"]
[BlackElo "2011"]

1.e4 d5 2.exd5 Qxd5 3.Nc3 Qd6 4.d4 Nf6 5.Nf3 a6 6.Bd3 Nc6 7.O-O Bg4 8.Ne4 Nxe4
9.Bxe4 O-O-O 10.c3 e6 11.Qa4 Bxf3 12.Bxf3 Ne7 13.Qb3 c6 14.Rd1 Nf5 15.Be4 g6
16.Bg5 Be7 17.Bxe7 Qxe7 18.Rd3 Rd7 19.Rad1 Rhd8 20.Qc2 Nd6 21.Bf3 Nf5 22.Qd2  1/2-1/2

[Event "19th Open"]
[Site "Faaker-See AUT"]
[Date "2003.08.14"]
[Round "7"]
[White "Manescu,T"]
[Black "Okhotnik,V"]
[Result "0-1"]
[WhiteElo "2354"]
[BlackElo "2446"]

1.e4 d5 2.exd5 Qxd5 3.Nc3 Qd8 4.d4 Nf6 5.Nf3 c6 6.Bc4 Bf5 7.Ne5 e6 8.g4 Bg6
9.h4 Bb4 10.h5 Be4 11.f3 Bd5 12.g5 Nfd7 13.Bxd5 cxd5 14.f4 Nc6 15.Qd3 Rc8
16.Nxc6 Rxc6 17.Bd2 Nb6 18.a3 Bxc3 19.Bxc3 Nc4 20.a4 Qc7 21.Qf3 Nd6 22.g6 fxg6
23.hxg6 h6 24.O-O O-O 25.Rae1 Rf6 26.Qg4 Nf5 27.Bb4 a5 28.Ba3 Nxd4 29.c3 Nf5
30.Kh1 Qd7 31.Re5 Qe8 32.Rg1 Rc4 33.Rge1 Qxg6 34.Qxg6 Rxg6 35.Rxe6 Rg4 36.Bd6 Nxd6
37.Rxd6 Rgxf4 38.Rxd5 Rxa4 39.Rb5  0-1

[Event "9th Open"]
[Site "Pilsen-Lobzy CZE"]
[Date "2003.08.17"]
[Round "2"]
[White "Simacek,P"]
[Black "Londyn,R"]
[Result "1/2-1/2"]
[WhiteElo "2437"]
[BlackElo "2152"]

1.e4 d5 2.exd5 Qxd5 3.Nc3 Qd6 4.d4 Nf6 5.Nge2 e6 6.Bf4 Qd8 7.Qd2 Bb4 8.O-O-O Nbd7
9.Qd3 a6 10.g4 O-O 11.g5 Nd5 12.Nxd5 exd5 13.Qb3 Be7 14.Qxd5 c6 15.Qg2 Qa5
16.Kb1 Nb6 17.Bd2 Qa4 18.b3 Qa3 19.Nf4 Bf5 20.Bd3 Bxd3 21.Nxd3 Nd5 22.c4 Nb4
23.Nxb4 Bxb4 24.Rhe1 Bxd2 25.Rxd2 a5 26.Qe4 a4 27.Qe7 axb3 28.Qxa3 Rxa3 29.axb3 Rxb3+
30.Kc2 Ra3 31.Re7 b5 32.Kb2 Ra4 33.cxb5 Rb4+ 34.Kc3 Rxb5 35.Rc7 Rxg5 36.Rxc6 Rd5
37.Rc5 Rfd8 38.Rxd5 Rxd5 39.Kc4 Rd7 40.d5 Kf8 41.d6 Ke8 42.Kc5 Ra7 43.Re2+ Kd8
44.Kb6 Rd7 45.Kc6 Ra7 46.Kb6 Rd7 47.Kc6 Ra7 48.Rb2 Ra6+ 49.Kd5 Ra5+ 50.Kc6 Ra6+
51.Rb6 Rxb6+ 52.Kxb6 Kd7 53.Kc5 g5 54.Kd5 g4 55.Ke5 h5 56.Kf6 Kxd6 57.Kxf7 Ke5
58.Kg6 Kf4 59.Kxh5 Kf5 60.Kh6 Kf6 61.Kh7 Kf7 62.Kh8 Kf8 63.Kh7 Kf7  1/2-1/2

[Event "ADCF Masters"]
[Site "Abu Dhabi UAE"]
[Date "2003.08.20"]
[Round "5"]
[White "Salem,Gh"]
[Black "Aryanejad,H"]
[Result "1-0"]
[WhiteElo "2341"]
[BlackElo "2231"]

1.e4 d5 2.exd5 Qxd5 3.Nc3 Qd6 4.d4 Nf6 5.Nf3 c6 6.Bd3 Bg4 7.h3 Bxf3 8.Qxf3 Qxd4
9.Be3 Qb4 10.a3 Qxb2 11.Kd2 Nd5 12.Nxd5 cxd5 13.Rab1 Qf6 14.Qxd5 Nc6 15.Rxb7 Rd8
16.Qb5 Rc8 17.Rxa7 g6 18.Qb7 Qe6 19.Bb5 f5 20.Ra8 Qd6+ 21.Ke2 Rxa8 22.Qxa8+ Kf7
23.Rd1  1-0

[Event "Open"]
[Site "Vienna AUT"]
[Date "2003.08.20"]
[Round "5"]
[White "Kirschner,A"]
[Black "Bachofner,A"]
[Result "1/2-1/2"]
[WhiteElo "2125"]
[BlackElo "2226"]

1.e4 d5 2.exd5 Qxd5 3.Nc3 Qd6 4.d4 Nf6 5.Bc4 a6 6.f3 b5 7.Bb3 Bb7 8.Nge2 e6
9.Bf4 Qd8 10.Ng3 Be7 11.Nge4 b4 12.Nxf6+ Bxf6 13.Na4 Nd7 14.O-O O-O 15.c3 Nb6
16.Nc5 Bd5 17.cxb4 Bxb3 18.Nxb3  1/2-1/2

[Event "9th Open"]
[Site "Pilsen-Lobzy CZE"]
[Date "2003.08.21"]
[Round "6"]
[White "Nun,Ji"]
[Black "Londyn,R"]
[Result "1-0"]
[WhiteElo "2358"]
[BlackElo "2152"]

1.e4 d5 2.exd5 Qxd5 3.Nc3 Qd6 4.g3 Nf6 5.Bg2 Bg4 6.Nf3 Nc6 7.h3 Bh5 8.g4 Bg6
9.d3 e6 10.Nh4 Be7 11.Nxg6 hxg6 12.Be3 O-O-O 13.Qd2 Nd5 14.Nxd5 exd5 15.d4 Qb4
16.c3 Qb5 17.Qc2 Na5 18.b3 Rde8 19.O-O-O Ba3+ 20.Kb1 Nc4 21.Qd3 Re6 22.Bxd5 Qxd5
23.Qxc4 Qxc4 24.bxc4 Rb6+ 25.Kc2 Rb2+ 26.Kd3 Rxa2 27.c5 a6 28.Ra1 Rxa1 29.Rxa1 Bxc5
30.dxc5 Rxh3 31.g5 f5 32.f4 Kd7 33.Re1 Kc6 34.Kc4 Rf3 35.Bc1 Kd7 36.Re5 Rf1
37.Be3 Rf3 38.Kd3 c6 39.Ke2 Rh3 40.Bd4 Rh2+ 41.Kf3 Rb2 42.Re2 Rb5 43.Rh2  1-0

[Event "Open"]
[Site "Vienna AUT"]
[Date "2003.08.23"]
[Round "8"]
[White "Loidl,F"]
[Black "Spiesberger,G"]
[Result "1/2-1/2"]
[WhiteElo "2171"]
[BlackElo "2086"]

1.e4 d5 2.exd5 Qxd5 3.Nc3 Qd8 4.d4 Nf6 5.Nf3 e6 6.Bc4 b6 7.O-O Be7 8.Ne5 Bb7
9.Re1 O-O 10.Bf4 Nc6 11.Nxc6 Bxc6 12.Qd3 Bd6 13.Be5 Ng4 14.Qg3 Nxe5 15.dxe5 Bb4
16.Rad1 Qe7 17.a3 Bxc3 18.Qxc3 Rfd8 19.Qe3  1/2-1/2

[Event "15th Vidmar mem"]
[Site "Terme Zrece SLO"]
[Date "2003.08.24"]
[Round "7"]
[White "Sutovsky,E"]
[Black "Sermek,D"]
[Result "1-0"]
[WhiteElo "2639"]
[BlackElo "2577"]

1.e4 d5 2.exd5 Qxd5 3.Nc3 Qd6 4.d4 Nf6 5.Nf3 a6 6.g3 b5 7.Bg2 Bb7 8.O-O e6
9.Bf4 Qb6 10.a4 Bd6 11.Be3 b4 12.a5 Qa7 13.d5 Bc5 14.dxe6 Bxe3 15.exf7+ Kxf7
16.Ne5+ Ke7 17.Bxb7 Qxb7 18.Qd3 bxc3 19.Qxe3 Nbd7 20.Nxd7+ Kxd7 21.Rfd1+ Kc8
22.Qe6+ Kb8 23.Ra3 Re8 24.Qf5 cxb2 25.Rb3 Ra7 26.Qd3 Ka8 27.Rxb7 Rxb7 28.Rb1 Rb5
29.Qc3 Reb8 30.Qxc7 R8b7 31.Qd6 Ka7 32.c4 Rb4 33.Qd4+ Ka8 34.Kg2 h5 35.h3 Rb8
36.Qd6 Ka7 37.Qc5+ Ka8 38.Qd6 Ka7 39.Qe7+ R8b7 40.Qe3+ Ka8 41.c5 Rc4 42.Qe6 Rc1
43.c6 Rb4 44.Qc8+  1-0

[Event "TCh-BIH"]
[Site "Neum BIH"]
[Date "2003.08.25"]
[Round "4"]
[White "Glavan,S"]
[Black "Bajramovic,H"]
[Result "1-0"]
[WhiteElo "2229"]
[BlackElo "2263"]

1.e4 d5 2.exd5 Qxd5 3.Nc3 Qd6 4.Nf3 Nf6 5.Be2 g6 6.O-O Bg7 7.h3 O-O 8.a4 a6
9.Re1 Bd7 10.d4 e6 11.b3 Nc6 12.Ba3 Nb4 13.Na2 a5 14.c3 c5 15.cxb4 cxb4 16.Bb2 Bc6
17.Nc1 Rfd8 18.Nd3 Nd5 19.Nde5 Be8 20.Rc1 Nc7 21.Qc2 Nd5 22.Qd2 Qf8 23.Qd1 Bf6
24.Bf1 Be7 25.g3 Bd6 26.h4 Qg7 27.Rc2 h6 28.Bd3 Kh8 29.Qe2 Qf6 30.Kg2 Bf8
31.Bb5 Bg7 32.Bxe8 Rxe8 33.Rec1 Kh7 34.Qb5 b6 35.Qd3 Kg8 36.Qe4 Qe7 37.Nd3 g5
38.hxg5 hxg5 39.Qg4 f6 40.Qh5 Qd7 41.Rh1 Kf8 42.Qg6 Ne7 43.Qh5 Qd5 44.Rc4 Qe4
45.Ne5 fxe5 46.dxe5 Qg6 47.Nxg5 Qxh5 48.Rxh5 Nd5 49.Rc6 Rac8 50.Rxc8 Rxc8
51.Nxe6+ Kf7 52.Nxg7 Kxg7 53.e6+ Nc3 54.Rf5 Kg6 55.Rf3 Rc6 56.e7 Re6 57.Bxc3 bxc3
58.Rxc3 Rxe7  1-0

[Event "II American Continental"]
[Site "Buenos Aires ARG"]
[Date "2003.08.27"]
[Round "9"]
[White "Romero,Le"]
[Black "Bibiloni,J"]
[Result "0-1"]
[WhiteElo "2096"]
[BlackElo "2203"]

1.e4 d5 2.exd5 Qxd5 3.Nc3 Qd8 4.d4 g6 5.Bc4 Nh6 6.Nf3 Nf5 7.Ne5 e6 8.d5 Bg7
9.Bf4 O-O 10.dxe6 Bxe6 11.Bxe6 fxe6 12.Qxd8 Rxd8 13.Nd3 Na6 14.O-O-O e5 15.Bg5 Rd4
16.Be3 Rc4 17.Nb1 e4 18.Nf4 Nb4 19.c3 g5 20.Nd5 Nd3+ 21.Rxd3 exd3 22.Nd2 Ra4
23.Nxc7 Rc8 24.Ne6 Nxe3 25.fxe3 Bxc3 26.bxc3 Rxc3+ 27.Kb1 Rc2 28.Rf1 h5 29.Rf8+ Kh7
30.Nxg5+ Kh6  0-1

[Event "1st League TCh-SCG"]
[Site "Budva SCG"]
[Date "2003.08.29"]
[Round "1"]
[White "Podlesnik,B"]
[Black "Benkovic,P"]
[Result "1-0"]
[WhiteElo "2367"]
[BlackElo "2474"]

1.e4 d5 2.exd5 Qxd5 3.Nc3 Qd6 4.d4 Nf6 5.Nge2 a6 6.Bf4 Qd8 7.Qd2 b5 8.Ng3 Bb7
9.f3 e6 10.a4 b4 11.Nce4 Nbd7 12.Bd3 Nd5 13.Bg5 f6 14.Be3 Be7 15.O-O O-O
16.c4 bxc3 17.Nxc3 f5 18.Bc4 N7b6 19.Ba2 a5 20.Nge2 Bf6 21.Bf2 Re8 22.Rfe1 Bg5
23.Qd1 Kh8 24.Nc1 Bh4 25.Nd3 Bxf2+ 26.Nxf2 Nf4 27.Qc1 Qxd4 28.Nb5 Qxf2+ 29.Kxf2 Nd3+
30.Kg3 Nxc1 31.Raxc1 Bd5 32.Bxd5 exd5 33.Red1 Rec8 34.Nxc7 Rab8 35.b3 g6
36.Kf4 Kg8 37.Ke5 Kf7 38.Kd4 Nd7 39.Nb5 Rxc1 40.Rxc1 Nf6 41.Rc7+ Ke6 42.Ra7 Rc8
43.Kd3 Nd7 44.Nd4+ Kd6 45.Rxa5 Nc5+ 46.Ke3 Re8+ 47.Kd2 Rc8 48.b4 Nd7 49.Ra6+ Ke7
50.Nc6+ Kf7 51.b5 Nc5 52.Ra7+ Ke6 53.a5 h5 54.a6 Kd6 55.Rg7 Nb3+ 56.Ke3 Kc5
57.a7 d4+ 58.Kd3 Nc1+ 59.Kd2 Nb3+ 60.Kd3 Nc1+ 61.Kd2 Nb3+ 62.Kc2 Kxb5 63.Rc7 Ra8
64.Kxb3 Kb6 65.Rg7 Kxc6 66.Kc4 Rd8 67.Rxg6+ Kb7 68.Rg7+ Ka8 69.Kd3 Rd5 70.h4 Rd6
71.Rg5 f4 72.Rxh5 Kxa7 73.Rf5 Rg6 74.Rg5 Rd6 75.Rg4 Kb6 76.Rxf4 Kc5 77.Rf5+  1-0

[Event "European GP"]
[Site "Izmir TUR"]
[Date "2003.08.29"]
[Round "5"]
[White "Duman,A"]
[Black "Yildiz,B"]
[Result "1-0"]
[WhiteElo "2236"]
[BlackElo "2122"]

1.e4 d5 2.exd5 Qxd5 3.Nc3 Qd6 4.d4 Nf6 5.Bc4 a6 6.Nge2 b5 7.Bb3 Bb7 8.Bf4 Qd7
9.O-O e6 10.Re1 Be7 11.Ng3 O-O 12.Nce4 Rd8 13.c3 Qc6 14.f3 Qb6 15.Ng5 Nd5
16.Qc2 g6 17.Bd2 c5 18.dxc5 Bxc5+ 19.Kh1 Nd7 20.Qe4 Nf8 21.Qh4 Qc7 22.N5e4 Be7
23.Qh6 Nd7 24.Bg5 Bxg5 25.Nxg5 Nf8 26.N3e4 Qe7 27.Bc2 Nf6 28.Ng3 Qc5 29.N5e4 Nxe4
30.fxe4 b4 31.Ne2 bxc3 32.Nxc3 Rd4 33.Re2 Rad8 34.Rf1 Qe5 35.Ref2 R8d7 36.Ba4 Re7
37.Qh4 g5 38.Qh6 Ng6 39.Rf3 Nf4 40.Rg3 f6 41.Rg4 Bxe4 42.Rfxf4 Bxg2+ 43.Kxg2 Rxf4
44.Rxf4 Qxf4 45.Qh5 g4 46.Qc5 Kf7 47.Qf2 Qd4 48.Qxd4  1-0

[Event "1st League TCh-SCG w"]
[Site "Budva SCG"]
[Date "2003.08.30"]
[Round "2"]
[White "Stojanovic,Na"]
[Black "Chelushkina,I"]
[Result "0-1"]
[WhiteElo "2053"]
[BlackElo "2362"]

1.e4 d5 2.exd5 Qxd5 3.Nc3 Qd8 4.d4 Nf6 5.h3 g6 6.Nf3 Bg7 7.Bc4 O-O 8.Be3 c6
9.a4 Nd5 10.Nxd5 cxd5 11.Bd3 Qb6 12.Qd2 Qxb2 13.O-O Qb6 14.Rab1 Qd8 15.Bh6 Nc6
16.h4 b6 17.c3 Bg4 18.Nh2 Bd7 19.Bxg7 Kxg7 20.f4 e6 21.h5 Ne7 22.Rf3 Ng8
23.Rg3 Nf6 24.hxg6 fxg6 25.Qe3 Qc7 26.Rf1 Bxa4 27.Qxe6 Rae8 28.Qh3 Qxc3 29.f5 Qxd4+
30.Kh1 Bd7 31.Ng4 Nxg4 32.Rxg4 Qe3 33.Rg3 Qe7 34.Rgf3 Bxf5 35.Bxf5 Rxf5 36.Rxf5 gxf5
37.Rxf5 Qe4 38.Rg5+ Kh8 39.Qh6 Qe1+ 40.Kh2 Qe7 41.Rxd5 Qf8 42.Qd2 Qf6 43.Rh5 Rd8
44.Qe2 Qd6+  0-1

[Event "WGM"]
[Site "Punat CRO"]
[Date "2003.08.30"]
[Round "5"]
[White "Lakos,N"]
[Black "Kaps,D"]
[Result "1-0"]
[WhiteElo "2372"]
[BlackElo "2237"]

1.e4 d5 2.exd5 Qxd5 3.Nc3 Qd6 4.d4 Nf6 5.g3 Bg4 6.Nf3 Nc6 7.Bg2 O-O-O 8.Be3 Qb4
9.Qc1 Bxf3 10.Bxf3 Nxd4 11.Bxd4 Qxd4 12.O-O Qd2 13.Qb1 Qg5 14.a4 e6 15.a5 Bc5
16.Ra4 Rd2 17.a6 bxa6 18.Rf4 Rhd8 19.Qa2 R8d6 20.b4 Bd4 21.Nb1 e5 22.Rh4 Rxf2
23.Rxf2 Bxf2+ 24.Kxf2 e4 25.Be2 Nd5 26.Rxe4 Qf5+ 27.Bf3 Rf6 28.Nd2 Nc3 29.Qc4 Nxe4+
30.Qxe4 Qxe4 31.Nxe4 Rb6 32.c3 f5 33.Nd2 a5 34.bxa5 Rb2 35.Ke3 Ra2 36.Nb3 Rxh2
37.a6 Ra2 38.Bb7+ Kd7 39.Nd4 Ra5 40.c4 g5 41.Nb5 f4+ 42.gxf4 gxf4+ 43.Kf3 c5
44.Nxa7 Kc7 45.Nb5+ Kb6 46.Bc8 Ra4 47.a7 h5 48.Be6 h4 49.Kxf4 Ra6 50.Bd5 Rxa7
51.Nxa7 Kxa7 52.Kg4 Kb6 53.Kxh4 Kc7 54.Kg5 Kd7 55.Kf5 Kd6 56.Kf6  1-0

[Event "1st League TCh-SCG w"]
[Site "Budva SCG"]
[Date "2003.08.31"]
[Round "3"]
[White "Jovanovic,Mirj"]
[Black "Kizova,S"]
[Result "1/2-1/2"]
[WhiteElo "2066"]
[BlackElo "2104"]

1.e4 d5 2.exd5 Qxd5 3.Nc3 Qd8 4.d4 Nf6 5.h3 Bf5 6.Nf3 c6 7.Bd3 Bxd3 8.Qxd3 e6
9.Bg5 Be7 10.O-O-O Nbd7 11.Ne5 Nxe5 12.dxe5 Qxd3 13.Rxd3 Nd5 14.Bxe7 Kxe7
15.Rg3 Nxc3 16.Rxc3  1/2-1/2

[Event "WGM"]
[Site "Punat CRO"]
[Date "2003.09.01"]
[Round "9"]
[White "Repkova,E"]
[Black "Kaps,D"]
[Result "1/2-1/2"]
[WhiteElo "2359"]
[BlackElo "2237"]

1.e4 d5 2.exd5 Qxd5 3.Nc3 Qd6 4.Bc4 Nf6 5.Nge2 a6 6.d4 b5 7.Bb3 Bb7 8.Bf4 Qb6
9.Qd3 Nbd7 10.a4 Qa5 11.O-O b4 12.Nd1 e6 13.Ne3 O-O-O 14.Bg3 Ne4 15.Nc4 Qf5
16.Qe3 h5 17.Bh4 g5 18.f3 gxh4 19.fxe4 Qxe4 20.Qxe4 Bxe4 21.Rxf7 Rg8 22.Nf4 Bh6
23.Re1 Bxg2 24.Nxg2 h3 25.Re2 Rxg2+ 26.Rxg2 hxg2 27.Kxg2 Rg8+ 28.Kh3 Rg4
29.Rh7 Bg7 30.Ne5 Nf8 31.Rxh5 Rxd4 32.Nc6 Re4 33.Rg5 Bxb2 34.Rg8 Kd7 35.Nb8+ Ke7
36.Nxa6 Be5 37.Nc5 Re3+ 38.Kg2 Re2+ 39.Kf3 Rxh2 40.Rxf8 Kxf8 41.Nd7+ Ke7
42.Nxe5 Kd6 43.Nc4+ Kc5 44.Kg3 Kd4 45.a5 e5 46.Kg4 e4 47.a6 Rh1 48.Nb2 Rh8
49.Ba4 Ra8 50.Bb5 Kc3 51.Na4+ Kxc2 52.Kf4 b3 53.Kxe4 b2 54.Bd3+ Kc1 55.Nc3 Kd2
56.Nb1+ Kc1  1/2-1/2

[Event "ch-ROM"]
[Site "Satu Mare ROM"]
[Date "2003.09.01"]
[Round "1.1"]
[White "Szabo,At"]
[Black "Moldovan,D"]
[Result "1/2-1/2"]
[WhiteElo "2314"]
[BlackElo "2438"]

1.e4 d5 2.exd5 Qxd5 3.Nc3 Qd6 4.d4 Nf6 5.Nf3 a6 6.Be2 b5 7.O-O Bb7 8.a4 b4
9.Nb1 e6 10.Nbd2 Be7 11.Nc4 Qd8 12.Nce5 O-O 13.c4 bxc3 14.bxc3 Nbd7 15.a5 c5
16.Qa4 cxd4 17.cxd4 Nxe5 18.dxe5 Ne4 19.Bb2 Qe8 20.Qxe8 Rfxe8 21.Bd4 Rec8
22.Rfb1 Bd5 23.Rb6 Bd8  1/2-1/2